00545 2200217 4500001002100000005001700021008004100038020001800079035002400097090001500121100001300136245002500149250001100174260003300185300001900218650001800237850001500255990001900270990001900289990001900308YOGYA-0209000000717020090227021006.0 ind  a979-407-305-9 0010-020900000007170 a808bSal M aSALEH, M aMahabaratacM. Saleh aCet. 1 aJakartabBalai Pustakac2004 a161 hlmc21 cm aCerita Wayang aYOPDYOG(M) a934-PD/P.04b1 a935-PD/P.04b1 a936-PD/P.04b1